000 00760cam a22002531a 4500
001 f 01000351
003 DLC
005 20260227111237.0
008 810918s1880 fr 000 1 fre
010 _af 01000351
035 _a(OCoLC)7771707
040 _aDLC
_cNcWsW
_dNcWsW
_dDLC
042 _apremarc
050 0 0 _aPQ2315
_b.H5 1880
100 1 _aKarr, Alphonse,
_d1808-1890.
245 1 0 _aHistoire de Rose et de Jean Duchemin /
_cpar Alphonse Karr.
250 _aNouv. éd.
260 _aParis :
_bCalmann Lévy,
_c1880.
300 _a305 p. ;
_c17 cm.
500 _aHalf-title: Œuvres complètes.
505 0 _aHistoire de Rose et de Jean Duchemin.--Valin.--Une falaise à Étretat.
740 0 2 _aValin.
740 4 2 _aUne falaise à Étretat.
999 _c22409
_d22409